00723nam a2200217 a 45000010008000000030009000080050017000170070008000340080041000420200018000830400022001012450120001232600048002433000029002919300040003209300040003609420012004009560039004129560039004519990015004900005638DO-SdBNP20160427112418.00005638150119s2012 000 spa d a9781578377110 aBPMSUbspacBPMSU 0aMatemática en contexto III y IV :bmanual de referencia /cJohn Chamberlain, Leno S. Pedrotti, Agustín Navarra  aSanto Domingo : bFundación Iniciac2012. a104 p. :bil. ;c30 cm.  1lBND01mLF1820150119f01pOIg46314 1lBND01mLF1820150119f01pOIg46314 2ddccMU aDGARCIAb10c20150119lBND01h0925 aVMATEOb10c20150324lBPMSUh00151 c9938d9938